|
|
|
|
| LEADER |
01550nam a2200289 a 4500 |
| 001 |
16244913 |
| 008 |
111003s2011 nyua 001 0 eng d |
| 010 |
|
|
|a 2010318279
|
| 020 |
|
|
|a 9780198060567
|
| 020 |
|
|
|a 0198060564
|
| 040 |
|
|
|a DKAGE
|b eng
|c DKAGE
|d RCJ
|d NDL
|d DLC
|d BD-DhAAL
|
| 082 |
0 |
4 |
|a 343.5407
|2 22
|
| 245 |
0 |
0 |
|a Economic analysis of law in India :
|b theory and application /
|c edited by P.G. Babu ... [et al.].
|
| 260 |
|
|
|a New Delhi ;
|a New York :
|b Oxford University Press,
|c 2010.
|
| 300 |
|
|
|a xx, 282 p. :
|b ill. ;
|c 23 cm.
|
| 500 |
|
|
|a Contributed articles.
|
| 504 |
|
|
|a Includes bibliographical references (p. 277-280).
|
| 541 |
1 |
|
|e 00023677
|
| 651 |
|
0 |
|a India
|x Economic policy.
|
| 650 |
|
0 |
|a Law and economics.
|
| 700 |
1 |
|
|a Babu, P. G.
|q (Palanichamy Gurusamy)
|
| 852 |
4 |
|
|a Ayesha Abed Library
|c General shelf
|
| 856 |
4 |
2 |
|3 Contributor biographical information
|u http://www.loc.gov/catdir/enhancements/fy1105/2010318279-b.html
|
| 999 |
|
|
|c 11293
|d 11293
|
| 952 |
|
|
|0 0
|1 0
|4 0
|6 343_540700000000000_ECO
|7 0
|9 18316
|a BRACUL
|b BRACUL
|c GEN
|d 2011-10-03
|e Book Web
|g 1105.00
|l 1
|m 1
|o 343.5407 ECO
|p 3010023677
|r 2014-05-25
|s 2014-05-18
|t 1
|w 2011-10-03
|y BK
|x Available
|
| 952 |
|
|
|0 0
|1 0
|4 0
|6 343_540700000000000_ECO
|7 0
|9 18317
|a BRACUL
|b BRACUL
|c GEN
|d 2011-10-03
|e Book Web
|g 1105.00
|l 1
|m 1
|o 343.5407 ECO
|p 3010023678
|r 2025-07-07
|s 2025-01-22
|t 2
|w 2011-10-03
|y BK
|x Available
|
| 952 |
|
|
|0 0
|1 0
|4 0
|6 343_540700000000000_ECO
|7 0
|9 18318
|a BRACUL
|b BRACUL
|c GEN
|d 2011-10-03
|e Book Web
|g 1105.00
|l 1
|m 5
|o 343.5407 ECO
|p 3010023679
|r 2012-05-08
|s 2011-10-04
|t 3
|w 2011-10-03
|y BK
|x Available
|